Countries of Famous Writers - Statistics

General Stats
  • This quiz has been taken 149 times
  • The average score is 16 of 18
Answer Stats
Picture Hint Answer % Correct
Leo Tolstoy Russia
99%
Miguel de Cervantes Spain
99%
William Shakespeare United Kingdom
99%
Homer Greece
98%
Dante Alighieri Italy
98%
Ernest Hemmingway United States
98%
Victor Hugo France
97%
Johann Wolfgang von Goethe Germany
97%
Luís de Camões Portugal
95%
Hans Christian Andersen Denmark
94%
Jorge Luis Borges Argentina
92%
James Joyce Ireland
92%
Gabriel García Márquez Colombia
91%
Paulo Coelho Brazil
90%
Margaret Atwood Canada
88%
Octavio Paz Mexico
87%
Pablo Neruda Chile
82%
Jan Neruda Czechia
41%
No matching quizzes found
Score Distribution
Percent of People with Each Score
Percentile by Number Answered
Your Score History
You have not taken this quiz